000 00643nam a2200217 i 4500
001 78208
003 ES-MaACL
005 20230906173606.0
007 t|
008 041013s1957 sp ||||1| spa d
100 1 _aHanson, Lawrence.
_961776
245 1 3 _aLa trágica vida de Toulouse-Lautrec /
_cLawrence y Elisabeth Hanson.
250 _a[1ª ed.].
260 _aBarcelona :
_bJuventud,
_c1957 (
_fAtenas)
300 _a223 p., 9 lám. ;
_c22 cm.
490 1 _aGrandes biografías
700 1 _aHanson, Elisabeth.
_961774
830 0 _aGrandes biografías
_9181124
852 _aES-MaACL
_jC-13606
_bR.41449
999 _c78208
_d78208